| 000 | 00488nam a2200169 a 4500 | ||
|---|---|---|---|
| 001 | 3715 | ||
| 003 | CO-ViMGA | ||
| 008 | 141112s2004 ck r 000 u spa d | ||
| 040 |
_aCO-ViMGA _bspa _cCO-ViMGA |
||
| 082 | 0 | 4 | _a664 C417 |
| 100 | 1 |
_aCharley, Helen _953770 |
|
| 245 | 1 | 0 |
_aTecnología de alimentos : _bprocesos químicos y físicos en la preparación de alimentos |
| 260 |
_aMexico : _bLimusa, _c1997 |
||
| 300 | _a767 p : il | ||
| 650 | 1 | 4 | _aALIMENTOS - TECNOLOGIA |
| 942 |
_2ddc _cBK |
||
| 999 |
_c15737 _d15737 |
||